[Event "C.to Europeo U16"]
[Site "Fermo ITA"]
[Date "2009.09.02"]
[Round "3"]
[White "Skoulakis, Charalambos"]
[Black "Miandro, Steven"]
[Result "1-0"]
[WhiteElo "2132"]
[BlackElo "1878"]
[PlyCount "75"]
[EventDate "2009.08.31"]

1. e4 c5 2. Nf3 d6 3. d4 cxd4 4. Nxd4 Nf6 5. f3 Nc6 6. c4 e6 7. Nc3 Be7 8. Be3
O-O 9. Be2 d5 10. cxd5 exd5 11. exd5 Nxd5 12. Nxc6 bxc6 13. Nxd5 cxd5 14. O-O
Bf6 15. Bd4 Rb8 16. Kh1 Re8 17. Re1 Rb4 18. Bxf6 Qxf6 19. Bb5 Rd8 20. Qxd5 Be6
21. Qc5 Rxb2 22. a4 Bh3 23. Bf1 Bxg2+ 24. Bxg2 Rxg2 25. Kxg2 Rd2+ 26. Kg3 Qg6+
27. Kf4 Qh6+ 28. Ke4 Qe6+ 29. Qe5 f5+ 30. Kf4 Qh6+ 31. Kxf5 Qg6+ 32. Kf4 Qh6+
33. Ke4 Qg6+ 34. Ke3 Rd8 35. Kf2 Rd2+ 36. Re2 Rxe2+ 37. Qxe2 Qb6+ 38. Kf1 1-0

[Event "C.to Europeo U16"]
[Site "Fermo ITA"]
[Date "2009.09.02"]
[Round "3"]
[White "Strzemiecki, Zbigniew"]
[Black "Meskovs, Nikita"]
[Result "1/2-1/2"]
[WhiteElo "2314"]
[BlackElo "2221"]
[PlyCount "61"]
[EventDate "2009.08.31"]

1. e4 c5 2. Nf3 e6 3. d4 cxd4 4. Nxd4 a6 5. Bd3 Qc7 6. O-O Nf6 7. Qe2 d6 8. f4
Nbd7 9. c4 Be7 10. Nc3 b6 11. Bd2 Bb7 12. Rae1 h5 13. f5 Nf8 14. fxe6 fxe6 15.
Nd5 exd5 16. exd5 Kf7 17. Bc3 Bc8 18. Nc6 Ra7 19. Bxf6 gxf6 20. Bf5 Bxf5 21.
Rxf5 Rb7 22. Rxh5 Rg8 23. Rh6 Rg5 24. h4 Re5 25. Nxe5+ dxe5 26. Qh5+ Kg7 27.
Rh8 Qxc4 28. Qh6+ Kf7 29. Qh5+ Kg7 30. Qh6+ Kf7 31. Qh5+ 1/2-1/2

[Event "C.to Europeo U16"]
[Site "Fermo ITA"]
[Date "2009.09.02"]
[Round "3"]
[White "Ten Hertog, Hugo"]
[Black "Halvax, Georg"]
[Result "1/2-1/2"]
[WhiteElo "2108"]
[BlackElo "2260"]
[PlyCount "80"]
[EventDate "2009.08.31"]

1. e4 c5 2. Nf3 Nc6 3. d4 cxd4 4. Nxd4 Nf6 5. Nc3 e5 6. Ndb5 d6 7. Bg5 a6 8.
Na3 b5 9. Nd5 Be7 10. Bxf6 Bxf6 11. c4 b4 12. Nc2 O-O 13. g3 Rb8 14. b3 Bg5 15.
h4 Bh6 16. Bh3 Be6 17. Kf1 Qd7 18. Kg2 Bxh3+ 19. Rxh3 f5 20. exf5 Rxf5 21. Nde3
Bxe3 22. Qd5+ Rf7 23. Nxe3 Rbf8 24. Rf1 Kh8 25. Rhh1 Nd4 26. f4 exf4 27. Qxd4
fxe3 28. Rxf7 Qxf7 29. Qxe3 d5 30. c5 Qf6 31. Rd1 h6 32. Rd2 Qf1+ 33. Kh2 Rf3
34. Qe2 Qxe2+ 35. Rxe2 Rc3 36. Re6 a5 37. c6 Kh7 38. Rd6 d4 39. Rxd4 Rxc6 40.
Rd2 Rc3 1/2-1/2

[Event "C.to Europeo U16"]
[Site "Fermo ITA"]
[Date "2009.09.02"]
[Round "3"]
[White "Vlasak, Lukas"]
[Black "Rozic, Samo"]
[Result "1-0"]
[WhiteElo "2177"]
[BlackElo "1999"]
[PlyCount "51"]
[EventDate "2009.08.31"]

1. e4 e6 2. d4 d5 3. Nc3 Nf6 4. e5 Ng8 5. f4 c5 6. Nf3 Nc6 7. Be3 cxd4 8. Nxd4
Nxd4 9. Bxd4 Ne7 10. Bd3 Nc6 11. Bf2 g5 12. O-O h5 13. fxg5 Qxg5 14. Nb5 Qd8
15. Qf3 a6 16. Bh4 Qd7 17. Bf6 Rg8 18. Nc3 b5 19. Qxh5 Bb7 20. Bh7 Bc5+ 21. Kh1
Rf8 22. Rad1 Qc7 23. Ne2 Qd7 24. Nf4 Ne7 25. Nd3 Bb6 26. Bg7 1-0

[Event "C.to Europeo U16"]
[Site "Fermo ITA"]
[Date "2009.09.02"]
[Round "3"]
[White "Wright, Jonathan"]
[Black "Simongini, Giacomo"]
[Result "1-0"]
[WhiteElo "1776"]
[BlackElo "1566"]
[PlyCount "103"]
[EventDate "2009.08.31"]

1. e4 e6 2. d4 d5 3. exd5 exd5 4. c4 dxc4 5. Bxc4 Nf6 6. Ne2 g6 7. Nbc3 Bg7 8.
O-O c6 9. Bg5 O-O 10. Re1 b5 11. Bb3 a5 12. a4 Qb6 13. axb5 cxb5 14. Qd2 a4 15.
Nd5 Nxd5 16. Bxd5 Ra7 17. Rad1 Rd7 18. Bf3 Bb7 19. Bxb7 Qxb7 20. Bh6 Rfd8 21.
Bg5 f6 22. Be3 Nc6 23. Qc3 h6 24. Rd2 Bf8 25. Rc1 Nb4 26. b3 Nd5 27. Qd3 Nxe3
28. fxe3 a3 29. Nf4 Bd6 30. Ne6 Kf7 31. Nxd8+ Rxd8 32. Rf2 Qd5 33. Rcf1 Be7 34.
Rd1 Ra8 35. e4 Qe6 36. e5 a2 37. Ra1 Ra3 38. Raxa2 Rxb3 39. Qf1 f5 40. g4 Bh4
41. Ra7+ Kg8 42. Rc2 Rb4 43. Ra8+ Kf7 44. Rc7+ Be7 45. Raa7 Qb6 46. Rxe7+ Kf8
47. Rf7+ Ke8 48. Rae7+ Kd8 49. Rd7+ Ke8 50. Qc1 Rc4 51. Qa3 b4 52. Qa8+ 1-0

[Event "C.to Europeo U16"]
[Site "Fermo ITA"]
[Date "2009.09.03"]
[Round "4"]
[White "Davi, Alessandro"]
[Black "Rioboo De Larriva, Alvaro"]
[Result "0-1"]
[WhiteElo "2027"]
[BlackElo "2150"]
[PlyCount "136"]
[EventDate "2009.08.31"]

1. d4 Nf6 2. Nf3 g6 3. c4 Bg7 4. Nc3 O-O 5. e4 d6 6. Be2 Na6 7. O-O e5 8. Bg5
h6 9. Be3 Ng4 10. a3 Nxe3 11. fxe3 c6 12. b4 f5 13. Qb3 Be6 14. Rad1 Qe7 15. d5
Bf7 16. dxc6 bxc6 17. Qa4 Nb8 18. Rd2 fxe4 19. Nxe4 d5 20. Nc5 e4 21. Nd4 dxc4
22. Qc2 c3 23. Qxc3 Nd7 24. Nxd7 Qxd7 25. Qxc6 Qxc6 26. Nxc6 h5 27. Rd7 Ba2 28.
Rxf8+ Rxf8 29. Rd8 Rxd8 30. Nxd8 Bd5 31. Bb5 Bb2 32. a4 Bc3 33. Bc6 Bb3 34. b5
Bxa4 35. Be8 Ba5 36. Nb7 Bb6 37. Kf2 Kg7 38. Nd6 Bc2 39. Bc6 Kf6 40. g3 Ke6 41.
Nc4 Bc7 42. h4 g5 43. Be8 gxh4 44. gxh4 Bd1 45. Nd2 Kf5 46. Bd7+ Ke5 47. Bc6
Bc2 48. Be8 Bd3 49. Bxh5 Bxb5 50. Bg6 Bd3 51. h5 a5 52. h6 Kd5 53. h7 Be5 54.
Nb3 a4 55. Nd4 a3 56. Bf7+ Kc5 57. Ke1 Bc4 58. Nb3+ Kb4 59. Bxc4 Kxc4 60. Nc1
Kc3 61. Kd1 Kb2 62. Kd2 a2 63. Nxa2 Kxa2 64. Ke2 Kb3 65. Kf2 Kc2 66. Ke1 Kd3
67. Kd1 Kxe3 68. Ke1 Kf3 0-1

[Event "C.to Europeo U16"]
[Site "Fermo ITA"]
[Date "2009.09.03"]
[Round "4"]
[White "Draskovic, Davor"]
[Black "Piccinini, Samuele"]
[Result "0-1"]
[WhiteElo "1702"]
[BlackElo "1908"]
[PlyCount "68"]
[EventDate "2009.08.31"]

1. e4 e6 2. d4 d5 3. exd5 exd5 4. Nf3 Bd6 5. c4 Nf6 6. Nc3 O-O 7. c5 Re8+ 8.
Be2 Bf8 9. O-O g6 10. Bg5 c6 11. Qd2 Bg7 12. Rfe1 Bg4 13. Ne5 Bxe2 14. Rxe2 Na6
15. b4 Nc7 16. a4 Ne6 17. Bh4 a6 18. Rb1 Qc7 19. b5 axb5 20. axb5 Nd7 21. b6
Qc8 22. f4 Bh6 23. g3 Nxe5 24. Rxe5 Bg7 25. Rf1 f5 26. Ne2 Ra4 27. Qe3 Bxe5 28.
fxe5 Qa8 29. Bf6 Ra1 30. Nf4 Rxf1+ 31. Kxf1 Qa1+ 32. Kg2 Qxd4 33. Qc1 Qxc5 34.
Qd2 Qd4 0-1

[Event "C.to Europeo U16"]
[Site "Fermo ITA"]
[Date "2009.09.03"]
[Round "4"]
[White "Fiducioso, Marco"]
[Black "Antolin Concha, Diego"]
[Result "1-0"]
[WhiteElo "2122"]
[BlackElo "2252"]
[PlyCount "99"]
[EventDate "2009.08.31"]

1. e4 c5 2. Nf3 d6 3. d4 Nf6 4. Nc3 cxd4 5. Nxd4 a6 6. Be3 e5 7. Nde2 Be6 8. f4
Nbd7 9. f5 Bc4 10. Nc1 Rc8 11. Bxc4 Rxc4 12. Qd3 Qc7 13. Nb3 b5 14. a3 Be7 15.
h3 h5 16. O-O-O h4 17. Rhg1 Nc5 18. Nxc5 dxc5 19. Nd5 Nxd5 20. exd5 e4 21. Qd2
Qe5 22. d6 Bf6 23. d7+ Kd8 24. Qa5+ Qc7 25. Qxa6 Ke7 26. Qxb5 Rd4 27. Bxd4 cxd4
28. Rge1 e3 29. Qb4+ Kxd7 30. Rxd4+ Bxd4 31. Qxd4+ Qd6 32. Qxe3 Qh6 33. Qxh6
Rxh6 34. b4 Kd6 35. Kb2 Kd5 36. Kb3 Rh5 37. c4+ Kd4 38. Rf1 Rg5 39. Rf4+ Ke5
40. Rg4 Rxf5 41. Rxg7 Rf1 42. Rg4 f5 43. Rxh4 Rg1 44. b5 Rxg2 45. b6 Rg1 46.
Kb4 f4 47. Rxf4 Kxf4 48. Kc5 Ke5 49. b7 Rg8 50. Kb6 1-0

[Event "C.to Europeo U16"]
[Site "Fermo ITA"]
[Date "2009.09.03"]
[Round "4"]
[White "Firat, Burak"]
[Black "Popilski, Gil"]
[Result "0-1"]
[WhiteElo "2310"]
[BlackElo "2392"]
[PlyCount "74"]
[EventDate "2009.08.31"]

1. e4 c5 2. Nf3 d6 3. d4 Nf6 4. Nc3 cxd4 5. Nxd4 a6 6. Be3 e6 7. f3 Be7 8. Qd2
Nc6 9. O-O-O O-O 10. g4 Nd7 11. h4 Nxd4 12. Qxd4 b5 13. g5 Ne5 14. f4 Nc6 15.
Qd2 Qa5 16. Kb1 b4 17. Ne2 Bb7 18. Ng3 d5 19. exd5 Rad8 20. Bd3 Rxd5 21. h5
Rfd8 22. g6 Rxd3 23. gxf7+ Kxf7 24. cxd3 Nd4 25. Bxd4 Bxh1 26. Rxh1 Rxd4 27. f5
exf5 28. Qe3 Bf6 29. Re1 Qb5 30. Qe6+ Kf8 31. Ka1 Qd7 32. Qe2 Rxd3 33. Nxf5 Rd2
34. Qf3 Bxb2+ 35. Kb1 Bf6 36. Qa8+ Kf7 37. Nd6+ Rxd6 0-1

[Event "C.to Europeo U16"]
[Site "Fermo ITA"]
[Date "2009.09.03"]
[Round "4"]
[White "Foster, James M."]
[Black "Kaforos, Dimitrios-Alkis"]
[Result "1-0"]
[WhiteElo "1867"]
[BlackElo "2209"]
[PlyCount "69"]
[EventDate "2009.08.31"]

1. e4 f5 2. exf5 Nf6 3. d4 d5 4. Bd3 e6 5. fxe6 Bd6 6. Nf3 O-O 7. O-O Bxe6 8.
Be3 Nc6 9. c3 Qd7 10. Qc2 Bh3 11. Ng5 Bxh2+ 12. Kh1 Bxg2+ 13. Kxg2 Qg4+ 14.
Kxh2 Qh5+ 15. Nh3 Ng4+ 16. Kg2 Rf3 17. Nf4 Nxe3+ 18. fxe3 Qg4+ 19. Kh1 Rxf1+
20. Bxf1 Re8 21. Qg2 Qh4+ 22. Qh2 Qe1 23. Qe2 Qh4+ 24. Kg1 Qg3+ 25. Ng2 Re6 26.
Qf2 Qg4 27. Be2 Qg6 28. Na3 Ne7 29. Rf1 Rf6 30. Qe1 Re6 31. Bf3 c6 32. Qh4 Rf6
33. Qh5 Nf5 34. Qxg6 Rxg6 35. Bxd5+ 1-0

[Event "C.to Europeo U16"]
[Site "Fermo ITA"]
[Date "2009.09.03"]
[Round "4"]
[White "Garcia Perez, Javier"]
[Black "Andreev, Sasho"]
[Result "0-1"]
[WhiteElo "1752"]
[BlackElo "2090"]
[PlyCount "56"]
[EventDate "2009.08.31"]

1. e4 c5 2. Nc3 e6 3. g3 d5 4. exd5 exd5 5. Bg2 Nf6 6. d3 Nc6 7. Nge2 d4 8. Ne4
Nxe4 9. Bxe4 Bd6 10. Bg2 O-O 11. h3 Re8 12. O-O Bd7 13. Bf4 Bf8 14. Qd2 h6 15.
g4 Rc8 16. Bh2 Be7 17. Ng3 Be6 18. f4 c4 19. f5 c3 20. bxc3 dxc3 21. Qc1 Bd5
22. Be4 Bh4 23. Bxd5 Qxd5 24. Ne4 Qd4+ 25. Kh1 Rxe4 26. dxe4 Qxe4+ 27. Kg1 Nd4
28. Re1 Nf3+ 0-1

[Event "C.to Europeo U16"]
[Site "Fermo ITA"]
[Date "2009.09.03"]
[Round "4"]
[White "Godart, Francois"]
[Black "Topak, Engin"]
[Result "1-0"]
[WhiteElo "2179"]
[BlackElo "2005"]
[PlyCount "77"]
[EventDate "2009.08.31"]

1. d4 Nf6 2. c4 g6 3. Nc3 Bg7 4. e4 d6 5. f4 O-O 6. Nf3 c5 7. d5 e6 8. Be2 exd5
9. cxd5 Re8 10. e5 dxe5 11. fxe5 Ng4 12. Bg5 Qb6 13. O-O Nxe5 14. Nxe5 Bxe5 15.
Qd2 Nd7 16. Rad1 Nf8 17. Kh1 Bf5 18. d6 Nd7 19. Nb5 Bd4 20. Nc7 Qxd6 21. Bf4
Qe7 22. Bb5 Qd8 23. Nxa8 Qxa8 24. Bg5 Qc8 25. Qf4 a6 26. Bd3 Be6 27. b3 Ne5 28.
Be2 Bf5 29. b4 b6 30. Qh4 Qe6 31. Bf6 Ng4 32. Bxd4 Qxe2 33. Rde1 cxd4 34. Rxe2
Rxe2 35. Qd8+ Kg7 36. Qxd4+ Nf6 37. h3 Rxa2 38. Kg1 h5 39. g4 1-0

[Event "C.to Europeo U16"]
[Site "Fermo ITA"]
[Date "2009.09.03"]
[Round "4"]
[White "Grandelius, Nils"]
[Black "Schnegg, Daniel"]
[Result "1-0"]
[WhiteElo "2515"]
[BlackElo "2092"]
[PlyCount "69"]
[EventDate "2009.08.31"]

1. d4 Nf6 2. Nf3 g6 3. g3 Bg7 4. Bg2 O-O 5. O-O d6 6. c4 Nc6 7. Nc3 a6 8. h3
Rb8 9. e4 b5 10. e5 dxe5 11. dxe5 Qxd1 12. Rxd1 Nd7 13. cxb5 axb5 14. Be3 b4
15. Nd5 Ndxe5 16. Nxe5 Bxe5 17. Rac1 e6 18. Nxc7 Bxc7 19. Bxc6 Ba6 20. Ba7 Rbd8
21. Bd7 Be5 22. Bc5 Bxb2 23. Rb1 Be2 24. Rd2 Bc3 25. Rxe2 Rxd7 26. Bxf8 Kxf8
27. Rc2 Rd4 28. Kf1 Ke7 29. Ke2 Kd6 30. Rd1 Kc5 31. Rxd4 Kxd4 32. Rc1 Ke4 33.
a3 Ke5 34. Kd3 Bd4 35. f4+ 1-0

[Event "C.to Europeo U16"]
[Site "Fermo ITA"]
[Date "2009.09.03"]
[Round "4"]
[White "Handler, Lukas"]
[Black "Hartl, Daniel"]
[Result "1/2-1/2"]
[WhiteElo "2115"]
[BlackElo "2249"]
[PlyCount "50"]
[EventDate "2009.08.31"]

1. d4 d5 2. c4 c6 3. Nc3 Nf6 4. Nf3 dxc4 5. a4 Bf5 6. Ne5 Nbd7 7. Nxc4 Qc7 8.
g3 e5 9. dxe5 Nxe5 10. Bf4 Nfd7 11. Bg2 g5 12. Ne3 gxf4 13. Nxf5 O-O-O 14. Qc2
Ng6 15. O-O fxg3 16. hxg3 h5 17. Rfc1 Kb8 18. b4 h4 19. Nb5 Qe5 20. Nbd4 Rc8
21. b5 hxg3 22. bxc6 gxf2+ 23. Kxf2 Qf4+ 24. Kg1 Qh2+ 25. Kf2 Qf4+ 1/2-1/2

[Event "C.to Europeo U16"]
[Site "Fermo ITA"]
[Date "2009.09.03"]
[Round "4"]
[White "Jacko, Vladimir"]
[Black "Kotainy, Jens"]
[Result "0-1"]
[WhiteElo "2137"]
[BlackElo "2270"]
[PlyCount "92"]
[EventDate "2009.08.31"]

1. d4 e6 2. Nf3 f5 3. c4 Nf6 4. Nc3 Bb4 5. Bg5 Bxc3+ 6. bxc3 h6 7. Bxf6 Qxf6 8.
Qc2 d6 9. e4 e5 10. c5 O-O 11. cxd6 cxd6 12. Bd3 Nc6 13. O-O f4 14. Rab1 Kh8
15. Qa4 exd4 16. cxd4 Bg4 17. e5 dxe5 18. dxe5 Nxe5 19. Nxe5 Qxe5 20. Qe4 Qxe4
21. Bxe4 Rab8 22. Rxb7 Rxb7 23. Bxb7 Rb8 24. Bd5 Rd8 25. Bb3 Be2 26. Rc1 Kh7
27. f3 Rd2 28. Rc7 a6 29. Bc2+ Bd3 30. Bb3 Rb2 31. Rc1 a5 32. g3 fxg3 33. hxg3
Bb1 34. Rc5 Bxa2 35. Bxa2 Rxa2 36. Rc6 a4 37. Ra6 a3 38. Kf1 Kg8 39. Ra7 Kh7
40. Ra6 Kh8 41. Kg1 Kg8 42. Ra7 Kf8 43. Kf1 h5 44. Kg1 g5 45. Ra5 Kf7 46. Rxg5
Rb2 0-1

[Event "C.to Europeo U16"]
[Site "Fermo ITA"]
[Date "2009.09.03"]
[Round "4"]
[White "Kanarek, Marcel"]
[Black "Pavlidis, Antonios"]
[Result "1/2-1/2"]
[WhiteElo "2422"]
[BlackElo "2360"]
[PlyCount "94"]
[EventDate "2009.08.31"]

1. e4 e5 2. Nf3 Nc6 3. Bb5 a6 4. Ba4 Nf6 5. O-O Be7 6. Re1 d6 7. c3 Bg4 8. h3
Bh5 9. Bxc6+ bxc6 10. d4 exd4 11. g4 Bg6 12. Nxd4 Qd7 13. Qf3 d5 14. e5 Ne4 15.
Be3 Rb8 16. b3 O-O 17. Nf5 f6 18. e6 Qxe6 19. Nd2 Bd6 20. Nxd6 cxd6 21. Bf4
Rfe8 22. Qe2 Qd7 23. Nxe4 Rxe4 24. Qf3 Rbe8 25. Rxe4 Rxe4 26. Qg3 Re6 27. Rd1
Qe7 28. Kh2 Re2 29. Rd2 Re1 30. f3 Re2+ 31. Rxe2 Qxe2+ 32. Qg2 Qd3 33. Bxd6
Qxc3 34. Qe2 h6 35. h4 h5 36. Qe6+ Kh7 37. gxh5 Bxh5 38. Qf5+ Bg6 39. Qg4 Qd2+
40. Kg3 Qe1+ 41. Kg2 Qe2+ 42. Kg3 Qe3 43. Kg2 d4 44. Bf8 Qe8 45. h5 Qe2+ 46.
Kg1 Qe1+ 47. Kg2 Qe2+ 1/2-1/2

[Event "C.to Europeo U16"]
[Site "Fermo ITA"]
[Date "2009.09.03"]
[Round "4"]
[White "Mammadov, Zaur Fazahir Oglu"]
[Black "Ten Hertog, Hugo"]
[Result "1-0"]
[WhiteElo "2235"]
[BlackElo "2108"]
[PlyCount "81"]
[EventDate "2009.08.31"]

1. e4 c5 2. c3 d5 3. exd5 Qxd5 4. Nf3 Nc6 5. d4 cxd4 6. cxd4 Bg4 7. Be2 e6 8.
Nc3 Qa5 9. h3 Bh5 10. O-O Nf6 11. Qb3 Qb4 12. Nb5 Qxb3 13. axb3 Nd5 14. g4 Bg6
15. Bc4 Kd7 16. Ne5+ Nxe5 17. dxe5 h5 18. g5 Bc5 19. Rd1 Kc6 20. Nd4+ Bxd4 21.
Rxd4 Rhd8 22. Be2 b6 23. Bd2 a5 24. Rc1+ Kb7 25. Rdc4 Rh8 26. Kg2 Rhd8 27. Kg3
Kb8 28. Bf3 Ra7 29. Rc6 Rb7 30. Be3 Ne7 31. Rxb6 Nf5+ 32. Kh2 Rxb6 33. Bxb6 Rd2
34. b4 Nd4 35. Bg2 a4 36. Rc4 Nb5 37. Rc5 Bd3 38. g6 fxg6 39. Rc6 Bf5 40. Be3
a3 41. bxa3 1-0

[Event "C.to Europeo U16"]
[Site "Fermo ITA"]
[Date "2009.09.03"]
[Round "4"]
[White "Marchetti, Michael"]
[Black "Binci, Luca"]
[Result "0-1"]
[WhiteElo "1503"]
[BlackElo "1675"]
[PlyCount "60"]
[EventDate "2009.08.31"]

1. d4 Nf6 2. c4 g6 3. Nc3 Bg7 4. e4 d6 5. Bg5 O-O 6. f4 Nbd7 7. Nf3 c5 8. d5
Qb6 9. Rb1 h6 10. Bh4 Nh5 11. Bg3 Ndf6 12. Ng1 e6 13. Bd3 exd5 14. cxd5 Nxg3
15. hxg3 Ng4 16. Qf3 Qb4 17. Nge2 c4 18. Bc2 b5 19. a3 Qc5 20. f5 Ne3 21. Rc1
h5 22. f6 Bg4 23. Qf2 Bh6 24. Nf4 Rfe8 25. Kd2 Qd4+ 26. Ke1 Rab8 27. Bd1 Bxd1
28. Nxd1 Rxe4 29. Nxe3 Rxe3+ 30. Kf1 Rbe8 0-1

[Event "C.to Europeo U16"]
[Site "Fermo ITA"]
[Date "2009.09.03"]
[Round "4"]
[White "Marconi, Gabriele"]
[Black "Sagripanti, Michele"]
[Result "0-1"]
[WhiteElo "1795"]
[BlackElo "1893"]
[PlyCount "54"]
[EventDate "2009.08.31"]

1. d4 b6 2. Nf3 Bb7 3. Nbd2 Nf6 4. e3 e6 5. Bd3 c5 6. b3 Nc6 7. Bb2 d5 8. O-O
Rc8 9. Rc1 Bd6 10. c4 O-O 11. Bb1 Re8 12. a3 Ne7 13. Qc2 Ng6 14. Rfe1 cxd4 15.
Bxd4 Bxa3 16. Rcd1 Bd6 17. Qb2 e5 18. Bc3 Qc7 19. h3 b5 20. Rc1 b4 21. Bxe5
Bxe5 22. Nxe5 Qxe5 23. Qc2 Ne4 24. Nf3 Qf6 25. Nd4 dxc4 26. bxc4 Ne5 27. Qe2
Nc3 0-1

[Event "C.to Europeo U16"]
[Site "Fermo ITA"]
[Date "2009.09.03"]
[Round "4"]
[White "Marguerettaz, Davy"]
[Black "Rzayev, Bahruz Iqbal Oglu"]
[Result "0-1"]
[WhiteElo "2048"]
[BlackElo "2228"]
[PlyCount "60"]
[EventDate "2009.08.31"]

1. e4 e5 2. Bc4 Nf6 3. d4 exd4 4. Nf3 Bc5 5. e5 d5 6. Bb5+ Bd7 7. Bxd7+ Nfxd7
8. Bg5 f6 9. Bh4 Nc6 10. O-O Ndxe5 11. Nxe5 Nxe5 12. Re1 Be7 13. Qxd4 O-O 14.
Nc3 c6 15. f4 Nd7 16. b4 Re8 17. Rad1 Qb6 18. a3 a5 19. Qxb6 Nxb6 20. bxa5 Nc4
21. Rb1 Bc5+ 22. Bf2 Rxe1+ 23. Rxe1 Bxa3 24. Rb1 Nxa5 25. Rb6 Nc4 26. Rxb7 Bb2
27. Be1 Ra1 28. Kf2 Rc1 29. Rb8+ Kf7 30. Rb7+ Kg6 0-1

[Event "C.to Europeo U16"]
[Site "Fermo ITA"]
[Date "2009.09.03"]
[Round "4"]
[White "Martinho Mesquita Alves, Filipe"]
[Black "Wright, Jonathan"]
[Result "1/2-1/2"]
[WhiteElo "1973"]
[BlackElo "1776"]
[PlyCount "96"]
[EventDate "2009.08.31"]

1. e4 c5 2. Nf3 e6 3. d3 Nc6 4. g3 g6 5. Bg2 Bg7 6. O-O Nge7 7. c3 O-O 8. Be3
d6 9. d4 cxd4 10. cxd4 d5 11. e5 b6 12. Nc3 a6 13. Qd2 Re8 14. g4 Bb7 15. Bh6
Bh8 16. Nd1 Rc8 17. Ne3 Nb8 18. h4 Nd7 19. h5 f6 20. exf6 Bxf6 21. Rad1 Qc7 22.
g5 Bh8 23. Bh3 Nf5 24. hxg6 hxg6 25. Nxf5 exf5 26. Rc1 Qd6 27. Rfe1 Re4 28.
Rxc8+ Bxc8 29. Rc1 Bb7 30. Qc3 Nc5 31. dxc5 Qf4 32. Qd2 Qxf3 33. c6 Re2 34.
Qxe2 Qxe2 35. cxb7 Be5 36. b8=Q+ Bxb8 37. Rc8+ Kh7 38. Rxb8 Qe1+ 39. Bf1 Qb4
40. Rb7+ Kh8 41. Rb8+ Kh7 42. Rb7+ Kh8 43. Bg7+ Kg8 44. f3 Qe1 45. Kg2 Qd2+ 46.
Kh1 Qe1 47. Kg1 Qe3+ 48. Kh1 Qe1 1/2-1/2

[Event "C.to Europeo U16"]
[Site "Fermo ITA"]
[Date "2009.09.03"]
[Round "4"]
[White "Meskovs, Nikita"]
[Black "Tal, Eyal"]
[Result "0-1"]
[WhiteElo "2221"]
[BlackElo "2028"]
[PlyCount "54"]
[EventDate "2009.08.31"]

1. Nf3 d5 2. c4 c6 3. g3 Nf6 4. Bg2 e6 5. O-O Bd6 6. b3 O-O 7. Bb2 Re8 8. d4
Nbd7 9. Nbd2 b6 10. Qc2 Bb7 11. e4 dxe4 12. Nxe4 Nxe4 13. Qxe4 Nf6 14. Qc2 h6
15. Ne5 Qc7 16. f4 c5 17. Rae1 cxd4 18. Bxd4 Rad8 19. Bxb7 Qxb7 20. f5 exf5 21.
Qxf5 Bb4 22. Rd1 Rxd4 23. Rxd4 Bc5 24. Rfd1 Qe7 25. Nc6 Qd6 26. Qf3 Re4 27. Kg2
Bxd4 0-1

[Event "C.to Europeo U16"]
[Site "Fermo ITA"]
[Date "2009.09.03"]
[Round "4"]
[White "Petenyi, Tamas"]
[Black "Kovalev, Vladislav"]
[Result "1/2-1/2"]
[WhiteElo "2308"]
[BlackElo "2307"]
[PlyCount "65"]
[EventDate "2009.08.31"]

1. e4 e5 2. Nf3 Nc6 3. Bb5 a6 4. Ba4 Nf6 5. O-O Be7 6. Re1 b5 7. Bb3 d6 8. c3
O-O 9. h3 Nb8 10. d4 Nbd7 11. Nbd2 Bb7 12. Bc2 Re8 13. Nf1 Bf8 14. Ng3 g6 15.
a4 c5 16. d5 c4 17. Bg5 h6 18. Be3 Nc5 19. Qd2 h5 20. Bg5 Be7 21. Bh6 Nh7 22.
Be3 Qc7 23. Rf1 Rab8 24. axb5 axb5 25. h4 Ra8 26. Ng5 Nxg5 27. Bxg5 Bxg5 28.
Qxg5 Qe7 29. Rxa8 Bxa8 30. Qxe7 Rxe7 31. Ra1 Bb7 32. Ra5 Ba6 33. Nf1 1/2-1/2

[Event "C.to Europeo U16"]
[Site "Fermo ITA"]
[Date "2009.09.03"]
[Round "4"]
[White "Piscitelli, Vito"]
[Black "Immonen, Vihtori"]
[Result "1/2-1/2"]
[WhiteElo "2067"]
[BlackElo "1872"]
[PlyCount "126"]
[EventDate "2009.08.31"]

1. e4 c5 2. Nc3 Nc6 3. f4 g6 4. Nf3 Bg7 5. Bc4 e6 6. O-O Nge7 7. e5 d6 8. exd6
Qxd6 9. Ne4 Qd8 10. d3 b6 11. a3 Bb7 12. c3 O-O 13. Bb3 Rc8 14. Qe2 Nd5 15. Bc2
Qc7 16. g3 Rfd8 17. Bd2 Nce7 18. Rad1 Rd7 19. Be1 Rcd8 20. Bf2 Nf6 21. Nfg5 Qc6
22. Nf3 Nxe4 23. dxe4 f5 24. Rxd7 Rxd7 25. Re1 Nc8 26. Nd2 Nd6 27. h3 Re7 28.
Kh2 e5 29. Bb3+ Kf8 30. Bd5 Qc7 31. Bxb7 Qxb7 32. exf5 Nxf5 33. Qc4 exf4 34.
gxf4 Rxe1 35. Bxe1 Ne3 36. Qe2 Qe7 37. Bf2 Nd5 38. Qf3 Qf7 39. Be3 g5 40. Nc4
Nxe3 41. Nxe3 Qxf4+ 42. Qxf4+ gxf4 43. Nd5 Bh6 44. Kg2 f3+ 45. Kxf3 Bc1 46. b4
Bxa3 47. b5 Kf7 48. c4 Bb2 49. Kf4 Ke6 50. Nc7+ Kd7 51. Nd5 Kc8 52. Kf5 Kb7 53.
Nf4 a6 54. bxa6+ Kxa6 55. Ke4 Bc1 56. Ne6 Ka5 57. Nf8 h6 58. Nd7 Bg5 59. Kd3
Be7 60. Ke4 b5 61. cxb5 Kxb5 62. Nxc5 Kxc5 63. h4 Bxh4 1/2-1/2

[Event "C.to Europeo U16"]
[Site "Fermo ITA"]
[Date "2009.09.03"]
[Round "4"]
[White "Rabatin, Jakub"]
[Black "Melone, Antonio"]
[Result "1-0"]
[WhiteElo "2175"]
[BlackElo "1881"]
[PlyCount "67"]
[EventDate "2009.08.31"]

1. e4 c6 2. d4 d5 3. e5 c5 4. Nf3 Nc6 5. c4 Bg4 6. cxd5 Qxd5 7. Nc3 Qd8 8. d5
Bxf3 9. Qxf3 Nxe5 10. Qe4 Nd7 11. Nb5 Ndf6 12. Qa4 Nd7 13. Bf4 Rc8 14. Qxa7 Qb6
15. Qa4 g5 16. Bxg5 Bh6 17. h4 Qg6 18. Qf4 Bg7 19. Qd2 Qe4+ 20. Be2 Ngf6 21.
Nc3 Qb4 22. a3 Qa5 23. O-O O-O 24. Rfe1 Rfe8 25. Bb5 Qc7 26. Re2 Ng4 27. Bf4
Qd8 28. Rae1 Bd4 29. Bg3 f6 30. Qf4 Nge5 31. Qf5 Rf8 32. Bxd7 Qxd7 33. Rxe5
Bxf2+ 34. Bxf2 1-0

[Event "C.to Europeo U16"]
[Site "Fermo ITA"]
[Date "2009.09.03"]
[Round "4"]
[White "Rasulo, Stefano"]
[Black "Tsirekidze, Giorgi"]
[Result "0-1"]
[WhiteElo "1794"]
[BlackElo "1864"]
[PlyCount "40"]
[EventDate "2009.08.31"]

1. e4 c5 2. Nf3 d6 3. d4 cxd4 4. Nxd4 Nf6 5. Nc3 Nc6 6. f3 e5 7. Nb3 Be7 8. Be3
O-O 9. Qd2 a5 10. g4 a4 11. Nc1 Be6 12. N1e2 d5 13. g5 d4 14. gxf6 Bxf6 15. Bf2
dxc3 16. Qxd8 Rfxd8 17. Nxc3 Nb4 18. Rc1 Bg5 19. Rd1 Nxc2+ 20. Ke2 Bc4+ 0-1

[Event "C.to Europeo U16"]
[Site "Fermo ITA"]
[Date "2009.09.03"]
[Round "4"]
[White "Rozic, Samo"]
[Black "Balzano, Aldo"]
[Result "1-0"]
[WhiteElo "1999"]
[BlackElo "1853"]
[PlyCount "109"]
[EventDate "2009.08.31"]

1. e4 c5 2. Nc3 Nc6 3. g3 g6 4. Bg2 Bg7 5. d3 d6 6. f4 e6 7. Nf3 Rb8 8. Be3 Nd4
9. O-O b5 10. e5 Nxf3+ 11. Qxf3 Bb7 12. Ne4 Bxe4 13. Qxe4 d5 14. Qf3 Qc7 15. g4
h5 16. h3 Ne7 17. c3 Bf8 18. d4 c4 19. f5 exf5 20. Bg5 hxg4 21. hxg4 Bh6 22.
Bxe7 Qxe7 23. gxf5 gxf5 24. Rae1 Rd8 25. Qxf5 Qe6 26. Qf6 Rh7 27. Qf5 Rg7 28.
Qxe6+ fxe6 29. Rf6 Bg5 30. Rxe6+ Kf7 31. Rd6 Rxd6 32. exd6 Kf8 33. Re5 a6 34.
d7 Be7 35. Kf1 Rg5 36. Rxd5 Rxd5 37. Bxd5 Bg5 38. Bb7 Ke7 39. Bxa6 Bc1 40. Ke2
Bxb2 41. Kd2 b4 42. cxb4 Bxd4 43. Bc8 Kd8 44. a4 Ke7 45. a5 Kd8 46. b5 Ke7 47.
b6 Kd8 48. b7 Be5 49. a6 Bb8 50. Kc3 Ba7 51. Kxc4 Kc7 52. Kd5 Bb8 53. d8=Q+
Kxd8 54. Kc6 Ba7 55. Bh3 1-0

[Event "C.to Europeo U16"]
[Site "Fermo ITA"]
[Date "2009.09.03"]
[Round "4"]
[White "Seegert, Kristian"]
[Black "Nakar, Eylon"]
[Result "0-1"]
[WhiteElo "2103"]
[BlackElo "2242"]
[PlyCount "50"]
[EventDate "2009.08.31"]

1. e4 e6 2. Nf3 d5 3. Nc3 Nf6 4. e5 Nfd7 5. d4 c5 6. Bg5 Qa5 7. Be2 cxd4 8.
Nxd4 Nc6 9. Bb5 Nxd4 10. Qxd4 a6 11. Bxd7+ Bxd7 12. O-O Qb4 13. Be3 Rc8 14.
Qxb4 Bxb4 15. Bd4 O-O 16. Rfd1 f6 17. Rd3 Be8 18. a3 Ba5 19. f4 Bg6 20. Rd2 Rc4
21. Rc1 Rxd4 22. Rxd4 Bb6 23. Rcd1 fxe5 24. fxe5 Bh5 25. Na4 Ba7 0-1